Pretty Little Liars Seasons Quiz - Statistics

General Stats
  • This quiz has been taken 950 times
  • The average score is 14 of 15
Answer Stats
Hint Answer % Correct
What is the name of the liar that disappeared? alison
100%
Who is A in season 1 and 2? mona
100%
Who is Toby's stepsister? jenna
98%
What is the name of Spencer's sister? melissa
98%
What is Aria's last name? montgomery
98%
Which liar plays field hockey? spencer
98%
Which liar is on the swim team? emily
97%
Which liar did Alison call hefty? hanna
97%
Who dated Caleb? hanna
97%
What is the name of Emily's dead girlfriend? maya
97%
What is Aria's brothers name? mike
97%
What subject does Ezra teach? english
96%
Who is Hanna's boyfriend in season 1? sean
87%
Who's the girls in Alison's grave? bethany
84%
What disability does Jenna have? blindness
76%
No matching quizzes found
Score Distribution
Percent of People with Each Score
Percentile by Number Answered
Your Score History
You have not taken this quiz